| 000 | 004200000a22001690004500 | ||
|---|---|---|---|
| 003 | MACL | ||
| 005 | 20151230132045.0 | ||
| 008 | 151230b xxu||||| |||| 00| 0 eng d | ||
| 040 |
_aMACL _cMACL |
||
| 041 | _aEnglish | ||
| 082 | _a320/WEI | ||
| 100 |
_aWeier, Myron _924864 |
||
| 245 | _aThe Politics of Scacity | ||
| 260 |
_bAsia Publishing House _c1963 |
||
| 650 |
_aPolitical Science _988 |
||
| 942 |
_cBK _k320/Wei _2ddc |
||
| 999 |
_c36047 _d36047 |
||